Loading...
Literature - American Literature | 0 | 10 | 0 | 2 | 100 | 20 | 88.40 | 4 | 9 |
Literature - European Literature | 0 | 9 | 1 | 0 | 85 | 14 | 67.00 | 6 | 9 |
Literature - British Literature | 0 | 9 | 1 | 1 | 85 | 20 | 69.22 | 6 | 8 |
Philosophy | 0 | 8 | 0 | 0 | 80 | 32 | 66.75 | 5 | 8 |
History - World History | 0 | 8 | 0 | 0 | 80 | 32 | 74.00 | 4 | 8 |
Literature - World Literature | 0 | 8 | 1 | 0 | 75 | 34 | 60.13 | 6 | 8 |
History - European History | 0 | 8 | 1 | 1 | 75 | 50 | 86.50 | 2 | 8 |
Fine Arts - Other Fine Arts | 0 | 7 | 0 | 1 | 70 | 76 | 107.14 | 3 | 5 |
Science - Chemistry | 0 | 7 | 1 | 0 | 65 | 50 | 90.57 | 5 | 7 |
Fine Arts - Painting & Sculpture | 0 | 6 | 0 | 0 | 60 | 56 | 89.50 | 2 | 6 |
Science - Physics | 0 | 7 | 2 | 1 | 60 | 86 | 99.00 | 2 | 6 |
History - Other History | 0 | 7 | 2 | 0 | 60 | 56 | 68.43 | 7 | 7 |
Fine Arts - Classical Music | 0 | 6 | 1 | 1 | 55 | 60 | 107.33 | 1 | 5 |
Science - Biology | 0 | 6 | 1 | 0 | 55 | 64 | 83.00 | 4 | 6 |
Mythology | 0 | 5 | 2 | 1 | 40 | 42 | 78.40 | 2 | 4 |
Social Science | 0 | 5 | 3 | 1 | 35 | 59 | 90.20 | 1 | 4 |
Science - Other Science | 0 | 4 | 1 | 0 | 35 | 69 | 99.50 | 3 | 4 |
History - American History | 0 | 4 | 2 | 1 | 30 | 51 | 86.50 | 1 | 4 |
Other | 0 | 3 | 0 | 1 | 30 | 58 | 100.67 | 1 | 2 |
Religion | 0 | 4 | 3 | 0 | 25 | 54 | 72.25 | 1 | 4 |